APEC Schools

Isang dekadang Resty / (Record no. 9083)

000 -LEADER
fixed length control field nam a22 7a 4500
005 - DATE AND TIME OF LATEST TRANSACTION
control field 20220330021121.0
008 - FIXED-LENGTH DATA ELEMENTS--GENERAL INFORMATION
fixed length control field 220330b xxu||||| |||| 00| 0 eng d
020 ## - IDENTIFIER FOR THE MANIFESTATION
Identifier for the Manifestation 9789715429436
Binding paperback
040 ## - CATALOGING SOURCE
Language of Cataloging eng
Transcribing Agency APEC Schools Library
Description Conventions rda
082 ## - DEWEY DECIMAL CLASSIFICATION NUMBER
Classification number F 899.211
Author's Number A448i 2021
100 ## - CREATOR
Preferred Name of the Person Orua, Jov
245 ## - TITLE AND STATEMENT OF RESPONSIBILITY
Preferred Title Proper Isang dekadang Resty /
Statement of Responsibility/Parallel Statement of Responsibility Jov Ortua
264 ## - PUBLICATION STATEMENT
Place of publication, distribution, etc Quezon City ;
Publisher's Name/Parallel Publisher's Name University of the Philippines Press,
Copyright ©2021.
300 ## - PHYSICAL DESCRIPTION
Extent 168 pages.
336 ## - RDA CONTENT
Source rdacontent
Content Type text
337 ## - RDA MEDIA
Source rdamedia
Media Type unmediated
338 ## - RDA CARRIER
Source rdacarrier
Carrier Type volume
942 ## - ADDED ENTRY ELEMENTS (KOHA)
Source of Classification
Koha Item Type Fiction
Holdings
Library Site Location Shelving Location Source of Acquisition Full Classification Number Accession Number Koha Item Type
APEC Bacoor Library APEC Bacoor Library Filipiniana Institutional Fund F 899.211 A448i 2021 B04-0000590 Fiction
APEC C. Raymundo Library APEC C. Raymundo Library Filipiniana Institutional Fund F 899.211 A448i 2021 A07-0000509 Fiction
APEC Calumpang Library APEC Calumpang Library Filipiniana Institutional Fund F 899.211 A448i 2021 B10-0000518 Fiction
APEC Dasmarinas Library APEC Dasmarinas Library Filipiniana Institutional Fund F 899.211 A448i 2021 B03-0000551 Fiction
APEC Grace Park West Library APEC Grace Park West Library Filipiniana Institutional Fund F 899.211 A448i 2021 A09-0000393 Fiction
APEC JRU Lipa Library APEC JRU Lipa Library Filipiniana Institutional Fund F 899.211 A448i 2021 B12-0000573 Fiction
APEC Las Piñas Library APEC Las Piñas Library Filipiniana Institutional Fund F 899.211 A448i 2021 C01-0000410 Fiction
APEC Marikina Heights Library APEC Marikina Heights Library Filipiniana Institutional Fund F 899.211 A448i 2021 A08-0000417 Fiction
APEC Concepcion Dos Library APEC Marikina Heights Library Filipiniana Institutional Fund F 899.211 A448i 2021 C02-0000376 Fiction
APEC Muntinlupa Library APEC Muntinlupa Library Filipiniana Institutional Fund F 899.211 A448i 2021 B01-0000386 Fiction
APEC New Manila Library APEC New Manila Library Filipiniana Institutional Fund F 899.211 A448i 2021 C03-0000401 Fiction
APEC North Fairview Library APEC North Fairview Library Filipiniana Institutional Fund F 899.211 A448i 2021 A04-0000377 Fiction
APEC Ortigas Extension, Cainta Library APEC Ortigas Extension, Cainta Library Filipiniana Institutional Fund F 899.211 A448i 2021 B09-0000406 Fiction
APEC Roxas Boulevard Library APEC Roxas Boulevard Library Filipiniana Institutional Fund F 899.211 A448i 2021 B06-0000380 Fiction
APEC San Pablo, Laguna Library APEC San Pablo, Laguna Library Filipiniana Institutional Fund F 899.211 A448i 2021 D01-0000278 Fiction
APEC Silangan, Pateros Library APEC Silangan, Pateros Library Filipiniana Institutional Fund F 899.211 A448i 2021 B07-0000471 Fiction
APEC Sta. Rita Library APEC Sta. Rita Library Filipiniana Institutional Fund F 899.211 A448i 2021 B02-0000492 Fiction
APEC Taytay Library APEC Taytay Library Filipiniana Institutional Fund F 899.211 A448i 2021 B08-0000393 Fiction
APEC Tondo Library APEC Tondo Library Filipiniana Institutional Fund F 899.211 A448i 2021 A10-0000398 Fiction
APEC V. Luna Library APEC V. Luna Library Filipiniana Institutional Fund F 899.211 A448i 2021 A01-0000431 Fiction

Powered by Koha